000 00828nac a22001811u 4500
008 101004s1998 xxu||||| |||| 00| 0 ara d
020 _a9770159344
082 _a223.6
_bش ح ا
100 1 _aشحاته ، عبدالله
_917203
245 _aأهداف كل سورة ومقاصدها في القرءان الكريم /
_cعبد الله شحاتة
250 _aط 4.
260 _aالقاهرة :
_bالهيئة المصرية العامة للكتاب ،1998
_c1998.
300 _a656 ص ؛
_c18 سم.
511 _aCatalogued by: Sara
650 _aالقرآن
_98720
_xأسباب النزول
942 _cBB
_k223.6 ش ح ا
_2ddc
999 _c5699
_d5699